000 00469nam a2200193Ia 4500
005 20240823044832.0
008 240823s9999||||xx |||||||||||||| ||und||
020 _a81-85749-45-0
041 _aENGLISH
082 _A628 P9
100 _aSuresh K Dhameja
245 0 _aEnvironmental Engineering and Management
250 _a2nd
260 _c2009
_b"Kataria S K,"
_aDelhi
500 _aYES
650 _aEnvironment Engg
_bCivil
942 _cBK
999 _c213545
_d213545